Deutsche Memes #1 (Lücke füllen) - Statistiken

Allgemein
  • Dieses Quiz wurde 3.290 mal gespielt
    3.240 seit der letzten Aktualisierung
  • Das Durchschnittsergebnis liegt bei 7 aus 10
Antwortstatistiken
Memes: % Korrekt
Bitte helfen sie mir, ich bin in {Gefahr}
92%
Ich bin der Uwe und ich bin auch {dabei}
89%
Rüdiger nicht so {tief}
86%
Was haben sie da im Stutzen? {Zigaretten}
78%
Michiiiii! Es ist nichts {kaputt} gegangen
71%
Und was solltest du mitbringen? Ohne Zucker. {Zero}!
69%
Ich {muss} raus!
68%
Alter! Er hat mich von einer 1,50m hohen {Kante} runtergeschmissen
64%
Kranplätze müssen {verdichtet} sein
63%
Sie haben mich ins Gesicht gefilmt! Direkt {frontal}
15%
Keine übereinstimmenden Quizze gefunden
Verteilung der Resultate
Anzahl Personen mit jedem Resultat
Perzentil nach korrekt beantworteten Fragen
Ihre Resultats-Entwicklung
Sie haben dieses Quiz seit der letzten Aktualisierung nicht gespielt